Регионална библиотека "Любен Каравелов" - Русе

Един от нас лъже (Запис номер 325557)

MARC детайли
000 -Лидер
Контролно поле с фиксирана дължина 01192nam a2200301 a 4500
003 - Код на организацията, давaща контролен номер
Контролно поле BLK
005 - Дата и час на последна редакция
Контролно поле 20250627091925.0
008 - Елементи от данни с фиксирана дължина
fixed length control field 181018b bu ||||| |||| 00| 0 bu d
020 ## - Международен стандартен номер на книга ISBN
Международен стандартен номер на книга ISBN 978-954-27-2140-6
040 ## - Източник на каталожния запис
Идентификатор на билиотеката - собственик на записа BLK
041 ## - Код за език
Код за езика на текст/звукозапис или на отделно заглавие Български
Код за езика КДБФ Български
080 ## - УДК
Текстов определител УДК Американска литература (на САЩ)
УДК код - определител по УДК 821.111(73)
УДК определител -31
УДК - код + определител 821.111(73)-31
100 ## - Редна дума - Автор
Автор Макменъс, Карън М.
Авторска отговорност първи автор
R(LIN) 390275
139 ## - Редно поле
Редна дума Макменъс, Карън
245 ## - Сведения за заглавието
Заглавие Един от нас лъже
Редно поле (дума) Карън Макменъс ; прев. от англ. ез. Йоана Гацова
257 ## - Страна на издаване
Страна на създаване/издаване Съединени американски щати
260 ## - Област на издателските данни
9 (RLIN) 209434
Място на издаване, разпространение и проч. София
Име на издателя, разпространителя и проч. Егмонт България
Година на издаване 2018
300 ## - Физическа характеристика
Страници 348 с.
Размери/Мащаб 21 см
380 ## - Жанр
Жанр Худож. лит.
490 ## - СЕРИИ (Колекции)
9 (RLIN) 490786
Име на серия Един от нас лъже
№: серия Кн. 1
500 ## - Общи забележки
Забележка Ориг. загл.: One of us in lying / Karen M. McManus. - За авторката
700 ## - Други автори (авторска отговорност)
Лично име Гацова, Йоана Пламенова
Друга информация Преводач от английски език
9 (RLIN) 341786
852 ## - Местоположение
Форматна сигнатура Цб 290928
Фондова буква Хранилище
942 ## - АРТИКУЛИ
Вид на библиотечния материал Книги
Скрит в OPAC Не
Koha issues (borrowed), all copies 71
944 ## - СЪЗДАВАНЕ И РЕДАКЦИЯ на ЗАПИСА
Служител, извършил регистрацията/редакцията 30530
Статус, дата на статуса Минев Младен
999 ## - СИСТЕМНИ КОНТРОЛНИ НОМЕРА
Koha biblionumber 325557
Koha biblioitemnumber 325557
999 ## - СИСТЕМНИ КОНТРОЛНИ НОМЕРА
Koha biblioitemnumber 325557
999 ## - СИСТЕМНИ КОНТРОЛНИ НОМЕРА
Koha biblioitemnumber 325557
Наличности
Код за отписване Код за изгубен артикул Източник на класификационната схема Код за повреда Коз за рестрикции Код за отдаване Артикулен № Име на библиотеката - собственик Име на библиотеката, в която се намира в момента Статус (Текущо местоположение) Дата на вписване в системата Местоположение - отдел Цена в лева Инвентарен номер Систематично азбучна сигнатура Баркод Цена в евро Служебен тип на артикула
  Не е изгубен Universal Decimal Classification Не е повреден без рестрикции ползва се в читалня 681536 Регионална библиотека "Любен Каравелов" Русе Регионална библиотека "Любен Каравелов" Русе Хранилище 2018-10-19 Хранилище 14.90 120000824356 Цб 290928 120000824356 7.62 Книги
  Не е изгубен Universal Decimal Classification Не е повреден   заемане за дома 721590 Регионална библиотека "Любен Каравелов" Русе Регионална библиотека "Любен Каравелов" Русе Заемна - подръчен фонд 2019-06-12 Заемна - подръчен фонд 11.18   П 820(73)-31/М 19 120000832918 5.72 Книги
  Не е изгубен Universal Decimal Classification Не е повреден без рестрикции заемане за дома 855294 Регионална библиотека "Любен Каравелов" Русе Регионална библиотека "Любен Каравелов" Русе Заемна - подръчен фонд 2021-09-24 Заемна - подръчен фонд 14.90 120000859925 821-31/М 19 К 120000859925 7.62 Книги
Vip Innovations Ltd, Rousse, Bulgaria 2025